| 000 | 00923nam a2200229Ia 4500 | ||
|---|---|---|---|
| 001 | 15055 | ||
| 003 | GE_BSU | ||
| 008 | 181216s||||||||xx |||||||||||||| ||und|| | ||
| 020 | _aISBN 978-9941-415-21-0 | ||
| 040 | _cGE_BSU | ||
| 080 | _a316.74:82 | ||
| 100 | _aპოლ არონი, ალენ ვიალა | ||
| 245 | _aლიტერატურის სოციოლოგია = Sociologie de la Litterature | ||
| 245 | _cფრანგ. თარგმნა ცისანა ბიბილეიშვილმა ; რედ.: ზაზა აბზიანიძე, მანანა ბალიაშვილი | ||
| 260 | _aთბილისი | ||
| 260 | _bკლიო | ||
| 260 | _c2011 | ||
| 300 | _a120გვ. ; 21სმ | ||
| 300 | _bბიბლიოგრ.: გვ. 116-118 | ||
| 653 | _aლიტერატურის სოციოლოგია; | ||
| 942 | _cBK | ||
| 999 |
_c48173 _d48173 |
||